| 000 | 00707nam a2200229 a 4500 | ||
|---|---|---|---|
| 001 | BRCA_4027 | ||
| 005 | 20190320204522.0 | ||
| 008 | 050210s1959----mx-a######---#000-0#spa-# | ||
| 041 | _aspa | ||
| 044 | _amx | ||
| 050 | 4 |
_aNK4714 _b.C37 1959 |
|
| 100 | 1 |
_aCarrillo y Gariel, Abelardo _91363 |
|
| 245 | 1 | 0 |
_aEl traje en la Nueva España _cAbelardo Carrillo y Gariel. |
| 260 |
_aMéxico _bINAH. Dirección de Monumentos Coloniales _c1959 |
||
| 300 |
_a207 p. _bil. _c23 cm. |
||
| 440 | 0 |
_aINAH. Dirección de monumentos coloniales Publicaciones _v7 _910466 |
|
| 500 | _aC112 | ||
| 650 | 1 | 4 |
_aIndumentaria _zMéxico _9808 |
| 651 | 4 |
_aMéxico _xVida social y costumbres _9769 |
|
| 902 | _aGFM | ||
| 942 |
_2lcc _cB |
||
| 999 |
_c3751 _d3751 |
||